|
|
|
|
| LEADER |
01851nam a2200325 a 4500 |
| 001 |
32314 |
| 003 |
BD-DhAAL |
| 005 |
20211114152407.0 |
| 008 |
171120s2016 mau||||| |||| 001 0 eng d |
| 999 |
|
|
|c 38573
|d 38573
|
| 020 |
|
|
|a 9780980232776
|
| 040 |
|
|
|a BD-DhAAL
|
| 082 |
|
|
|a 512.55
|2 19
|
| 100 |
|
|
|a Strang, Gilbert
|9 23778
|
| 245 |
|
|
|a Introduction to linear algebra /
|c Gilbert Strang
|
| 250 |
|
|
|a Fifth edition
|
| 260 |
|
|
|a Massachusetts :
|b Wellesley-Cambridge Press,
|c 2016
|
| 300 |
|
|
|a x, 574 pages :
|b illustrations ;
|c 24 cm.
|
| 500 |
|
|
|a Includes index.
|
| 526 |
|
|
|a CSE
|
| 541 |
|
|
|a STS International
|e 32314,32315,32316,32834 & 32835
|
| 650 |
|
|
|a Algebras, Linear.
|9 23779
|
| 650 |
|
|
|a Computer science.
|9 42421
|
| 852 |
|
|
|a Ayesha Abed Library
|c General Stacks
|
| 942 |
|
|
|2 ddc
|c BK
|
| 952 |
|
|
|0 0
|1 4
|2 ddc
|4 0
|6 512_550000000000000_STR
|7 0
|9 61863
|a BRACUL
|b BRACUL
|c GEN
|d 2017-11-14
|e STS International
|g 12500.00
|l 4
|m 34
|o 512.55 STR
|p 3010032314
|r 2022-09-06
|s 2022-09-05
|t 1
|v 12500.00
|w 2017-11-14
|y BK
|
| 952 |
|
|
|0 0
|1 0
|2 ddc
|4 0
|6 512_550000000000000_STR
|7 0
|9 61864
|a BRACUL
|b BRACUL
|c GEN
|d 2017-11-14
|e STS International
|g 12500.00
|l 16
|m 93
|o 512.55 STR
|p 3010032315
|q 2026-09-02
|r 2026-01-06
|s 2026-01-06
|t 2
|v 12500.00
|w 2017-11-14
|y BK
|
| 952 |
|
|
|0 0
|1 0
|2 ddc
|4 0
|6 512_550000000000000_STR
|7 0
|9 61865
|a BRACUL
|b BRACUL
|c GEN
|d 2017-11-14
|e STS International
|g 12500.00
|l 15
|m 184
|o 512.55 STR
|p 3010032316
|r 2026-04-20
|s 2025-12-08
|t 3
|v 12500.00
|w 2017-11-14
|y BK
|
| 952 |
|
|
|0 0
|1 0
|2 ddc
|4 0
|6 512_550000000000000_STR
|7 0
|9 62887
|a BRACUL
|b BRACUL
|c GEN
|d 2018-03-14
|e TRIM EDUCATION
|g 8210.00
|l 14
|m 144
|o 512.55 STR
|p 3010032834
|r 2026-02-18
|s 2025-08-04
|t 4
|v 8210.00
|w 2018-03-14
|y BK
|
| 952 |
|
|
|0 0
|1 0
|2 ddc
|4 0
|6 512_550000000000000_STR
|7 0
|9 62888
|a BRACUL
|b BRACUL
|c GEN
|d 2018-03-14
|e TRIM EDUCATION
|g 8210.00
|l 21
|m 114
|o 512.55 STR
|p 3010032835
|r 2026-02-02
|s 2026-01-31
|t 5
|v 8210.00
|w 2018-03-14
|y BK
|